Bibelske navne - Statistics

General Stats
  • This quiz has been taken 7 times
  • The average score is 11 of 20
Answers on the Grid
Answers color-coded by a green-red scale on the quiz's grid according to % correct below.
Alexander
Alma
Andreas
Anna
Dina
Emma
Ester
Filip
Freja
Gry
Hannah
Ida
Josva
Judit
Lea
Liva
Lydia
Matthias
Mika
Oliver
Rakel
Rebekka
Samuel
Silas
Simon
Sofia
Tabita
Thomas
Tikva
Tobias
 
Answer Stats
Answer % Correct
Lydia
100%
Andreas
67%
Anna
67%
Filip
67%
Hannah
67%
Judit
67%
Lea
67%
Matthias
67%
Rakel
67%
Samuel
67%
Thomas
67%
Alexander
33%
Dina
33%
Ester
33%
Josva
33%
Mika
33%
Rebekka
33%
Silas
33%
Simon
33%
Tabita
33%
No matching quizzes found
Score Distribution
Percent of People with Each Score
Percentile by Number Answered
Your Score History
You have not taken this quiz